000 00761nam a22002291c 4500
001 a987696158
008 210312s ger d
041 _ager
245 0 0 _aUngarn unter Sowjetherrschaft :
_bDie Entwicklung in Ungarn in den Monaten nach der Abfassung des Berichts des Sonderausschusses der Vereinten Nationen
264 _aMünchen :
_bFree Europe Committee,
_c[2021]
300 _a103 Seiten : graph. Darst.
650 0 _aUngarnforschung
651 0 _aSowjetunion
651 0 _aOstblock
651 0 _aUngarn
700 1 _aLangendorf, Ernst
_eHerausgeberIn
710 2 _aDie Amerikanischen Freunde der versklavten Völker
710 2 _aVersammlung der versklavten europäischer Völker
942 _cMG
040 _cRU-10907106
003 RU-10907106
999 _c32682
_d32682